000 00796nam a2200229Ii 4500
003 JO-AjNU
008 230605s9999||||xx |||||||||||||| ||und||
017 _a2009/9/3957
020 _a978-9957-24-550-4
040 _aJO-AjNU
_bara
_erda
_cJO-AjNU
041 _aara
050 1 4 _aTS155.F396 2009
100 3 _aفياض ، محمود احمد / م مشارك قدادة ، عيسى يوسف,
_eauthor
_929836
245 0 0 _aادارة الانتاج والعمليات (مدخل نظمي )
250 _aط1
264 3 1 _aعمان :دار الصفاء للنشر والتوزيع ،2009
300 _a424ص
336 _atext
_btxt
_2rdacontent
337 _aunmediated
_bn
_2rdamedia
338 _avolume
_bnc
_2rdacarrier
650 4 _aادارة الانتاج والعمليات
_929837
999 _aA11754
_c15322
_d15322